000 00991nam a22003257a 4500
001 BR2012002157
003 BR-BrBNA
005 20230928103929.0
007 ta
008 230509b bl.||||| |||| 00| 0 por d
040 _aBR-BrBNA
_bpor
_cBiblioteca Nacional de Agricultura
041 _a(Por)
072 _aT01; P34
_b1959
090 _ 1959 BR2012002157
100 1 _aFerreira, P.A.A.
110 1 _aUniversidade Federal de Lavras, MG (Brasil)
_0Tese (Doutorado)
245 1 _aTolerância de Cupriavidus necator a cádmio e zinco e sua eficiência simbiótica em leguminosas
260 3 _aLavras, MG (Brasil):
_c2011.
300 _a141 p.
500 _aSummaries (Eng, Por); Several bibliography; 18 illus.; 9 tables
650 _aLEGUMINOSA FORRAGEIRA
650 _aCÁDMIO
650 _aZINCO
650 _aMETAL PESADO
650 _aSOLO
650 _aCONTAMINAÇÃO
650 _aFIXAÇÃO DE NITROGÊNIO
909 _a202309
_bLucia
_c55
_dLucia Elande
942 _cBK
999 _c77294
_d77294